Capitals of the Americas (Slideshow) Quiz Stats

Quiz not verified by Sporcle

Challenge
Share
Tweet
Score 0/35 Timer 10:00
0 Plays Today
% Correct
Ottawa, Canada
94.8%
Havana, Cuba
92.6%
Washington, D.C., United States
87.1%
Lima, Peru
80.5%
Santo Domingo, Dominican Republic
78.2%
Brasilia, Brazil
77.4%
Guatemala City, Guatemala
75.1%
Bogota, Colombia
74.2%
Caracas, Venezuela
73.1%
Buenos Aires, Argentina
72.5%
La Paz, Bolivia
72.2%
San Jose, Costa Rica
71.1%
Port-au-Prince, Haiti
70.8%
Quito, Ecuador
70.8%
Mexico City, Mexico
70.2%
Santiago, Chile
66.5%
Panama City, Panama
65.6%
Nassau, Bahamas
64.2%
% Correct
Montevideo, Uruguay
64.2%
Asuncion, Paraguay
63.6%
Georgetown, Guyana
58.7%
Tegucigalpa, Honduras
57.9%
Kingston, Jamaica
57%
San Salvador, El Salvador
56.7%
Kingstown, St. Vincent and the Grenadines
55.9%
St. John's, Antigua and Barbuda
55.6%
Bridgetown, Barbados
55.3%
Paramaribo, Suriname
55%
Belmopan, Belize
53.6%
Castries, St. Lucia
53%
Roseau, Dominica
52.1%
Port of Spain, Trinidad and Tobago
48.7%
St. George's, Grenada
46.7%
Managua, Nicaragua
45.6%
Basseterre, St. Kitts and Nevis
42.4%

You're not logged in!

Compare scores with friends on all Sporcle quizzes.
Join for Free
OR
Log In

You Might Also Like...

Show Comments

Extras

Top Quizzes Today


Score Distribution

Your Account Isn't Verified!

In order to create a playlist on Sporcle, you need to verify the email address you used during registration. Go to your Sporcle Settings to finish the process.

Report this User

Report this user for behavior that violates our Community Guidelines.

Details: